000 00209 a2200097 4500
020 _a9789353905613
100 _aGroup of authors
245 _aBheethi(ഭീതി)
260 _bD C books
_c2020
942 _cOO
999 _c115307
_d115306